| 000 | 00638nam a2200181 i 4500 | ||
|---|---|---|---|
| 001 | 117417 | ||
| 003 | ES-MaACL | ||
| 005 | 20230906190912.0 | ||
| 007 | t| | ||
| 008 | 070214s1914 sp r ||||1| spa d | ||
| 100 | 1 |
_aPaniagua Porras, José. _988791 |
|
| 245 | 1 | 3 |
_aLa juventud delincuente y abandonada y el `Children's Bill` inglés / _cJosé Paniagua. |
| 260 |
_aMadrid : _bHijos de Reus, _c1914. |
||
| 300 |
_a32 p. ; _c21 cm. |
||
| 500 | _aEn port.: Publicada por la Revista General de Legislación y Jurisprudencia. | ||
| 650 | 4 |
_aJóvenes delincuentes- _xRehabilitación- _zGran Bretaña. _9151897 |
|
| 852 |
_aES-MaACL _jT-1408-F-2 |
||
| 999 |
_c117417 _d117417 |
||